| Tag |
First Indicator |
Second Indicator |
Subfields |
| LEADER |
00000cam a22000001a 4500 |
| 001 |
in00003384591 |
| 006 |
m d f |
| 007 |
cr bn mmmapmmp |
| 008 |
100727s2002 dcu o f000 0 eng d |
| 005 |
20260430204853.8 |
| 035 |
|
|
|a cis2007898742
|
| 040 |
|
|
|a ProQuest
|c ProQuest
|d UtOrBLW
|
| 043 |
|
|
|a n-us---
|
| 099 |
|
|
|a CRS-2002-FDT-0286
|
| 110 |
2 |
|
|a Library of Congress.
|b Congressional Research Service.
|
| 245 |
1 |
0 |
|a Status of Trade Legislation in the 107th Congress.
|
| 264 |
|
1 |
|a [Place of publication not identified] :
|b [publisher not identified],
|c 2002.
|
| 300 |
|
|
|a 1 online resource.
|
| 336 |
|
|
|a text
|b txt
|2 rdacontent
|
| 337 |
|
|
|a computer
|b c
|2 rdamedia
|
| 338 |
|
|
|a online resource
|b cr
|2 rdacarrier
|
| 500 |
|
|
|a Record is based on bibliographic data in ProQuest U.S. Congressional Research Digital Collection (last viewed July 2010). Reuse except for individual research requires license from ProQuest, LLC.
|
| 500 |
|
|
|a CRS Report.
|
| 520 |
|
|
|a Surveys broad ranging international trade proposals in the 107th Congress. Reviews legislation enacted in 2001, including a free trade agreement with Jordan, a bilateral trade agreement with Vietnam, and, under the North American Free Trade Agreement, conditions under which trucks from Mexico will be permitted to operate in the U.S. Describes pending legislation for 2002, including renewal of presidential "fast-track" authority for trade agreement negotiation; extension of the Andean Trade Preference Act to extend favorable treatment to imports from Bolivia, Colombia, Ecuador, and Peru in an effort to diminish illegal drug production; the Generalized System of Preferences; and trade adjustment assistance for firms and workers.
|
| 500 |
|
|
|a Electronic resource.
|
| 650 |
|
0 |
|a Executive-legislative relations.
|
| 650 |
|
0 |
|a Narcotics.
|
| 650 |
|
0 |
|a Trade adjustment assistance.
|
| 655 |
|
7 |
|a Electronic books.
|2 local
|
| 710 |
2 |
|
|a ProQuest (Firm)
|
| 776 |
0 |
8 |
|i Microfiche version:
|a Library of Congress. Congressional Research Service.
|t Status of Trade Legislation in the 107th Congress
|
| 830 |
|
0 |
|a U.S. Congressional Research.
|
| 856 |
4 |
0 |
|u http://proxy.library.tamu.edu/login?url=https://congressional.proquest.com/congcomp/getdoc?CRDC-ID=CRS-2002-FDT-0286
|z Connect to the full text of this electronic book
|t 0
|
| 999 |
|
|
|a MARS
|
| 999 |
f |
f |
|s 9edd75b6-331f-3320-9838-76994e14956b
|i b16c16ba-d392-305d-b15c-1d3dd592fff1
|t 0
|
| 952 |
f |
f |
|a Texas A&M University
|b College Station
|c Electronic Resources
|s www_evans
|d Available Online
|t 0
|e CRS-2002-FDT-0286
|h Other scheme
|
| 998 |
f |
f |
|a CRS-2002-FDT-0286
|t 0
|l Available Online
|